Mince Pie (Record no. 242949)
[ view plain ]
| 000 -LEADER | |
|---|---|
| fixed length control field | 02069cam a22002413a 4500 |
| 001 - CONTROL NUMBER | |
| control field | 13694 |
| 003 - CONTROL NUMBER IDENTIFIER | |
| control field | PGUSA |
| 005 - DATE AND TIME OF LATEST TRANSACTION | |
| control field | 20140828083308.0 |
| 008 - FIXED-LENGTH DATA ELEMENTS--GENERAL INFORMATION | |
| fixed length control field | 041010s2004||||xxu|||||s|||||000 e eng d |
| 040 ## - CATALOGING SOURCE | |
| Original cataloging agency | PGUSA |
| Language of cataloging | eng |
| 042 ## - AUTHENTICATION CODE | |
| Authentication code | dc |
| 050 #4 - LIBRARY OF CONGRESS CALL NUMBER | |
| Classification number | PS |
| 100 1# - MAIN ENTRY--PERSONAL NAME | |
| Personal name | Morley, Christopher, |
| Dates associated with a name | 1890-1957 |
| 245 10 - TITLE STATEMENT | |
| Title | Mince Pie |
| Medium | [electronic resource] / |
| Statement of responsibility, etc | Christopher Morley |
| 260 ## - PUBLICATION, DISTRIBUTION, ETC. (IMPRINT) | |
| Name of publisher, distributor, etc | Project Gutenberg, |
| Date of publication, distribution, etc | 2004 |
| 505 0# - FORMATTED CONTENTS NOTE | |
| Formatted contents note | On filling an ink-well -- Old thoughts for Christmas -- Christmas cards -- On unanswering letters -- A letter to Father Time -- What men live by -- The unnatural naturalist -- Sitting in the barber's chair -- Brown eyes and equinoxes -- 163 innocent old men -- A tragic smell in Marathon -- Bullied by the birds -- A message for Boonville -- Making Marathon safe for the urchin -- The smell of smells -- A Japanese bachelor -- Two days we celebrate -- The urchin at the zoo -- Fellow craftsmen -- The key ring -- "Owd Bob" -- The apple that no one ate -- As to rumors -- Our mothers -- Greeting to American anglers -- Mrs. Izaak Walton writes a letter to her mother -- Truth -- The tragedy of Washington Square -- If Mr. Wilson were the weather man -- Syntax for cynics -- The truth at last -- Fixed ideas -- Trials of a president travelling abroad -- Diary of a publisher's office boy -- The dog's commandments -- The value of criticism -- A marriage service for commuters -- The sunny side of Grub Street -- Burial service for a newspaper joke -- Advice to those visiting a baby -- Abou Ben Woodrow -- My magnificent system -- Letters to Cynthia: In praise of boobs. Simplification -- To an unknown damsel -- Thoughts on setting an alarm clock -- Songs in a shower bath -- On dedicating a new teapot -- The unforgivable syntax -- Visiting poets -- A good home in the suburbs -- Walt Whitman miniatures -- On doors. |
| 506 ## - RESTRICTIONS ON ACCESS NOTE | |
| Terms governing access | Public domain in the USA. |
| 516 ## - TYPE OF COMPUTER FILE OR DATA NOTE | |
| Type of computer file or data note | Electronic text |
| 653 ## - INDEX TERM--UNCONTROLLED | |
| Uncontrolled term | American essays -- 20th century |
| 830 #0 - SERIES ADDED ENTRY--UNIFORM TITLE | |
| Uniform title | Project Gutenberg |
| Volume number/sequential designation | 13694 |
| 856 40 - ELECTRONIC LOCATION AND ACCESS | |
| Uniform Resource Identifier | <a href="http://www.gutenberg.org/ebooks/13694">http://www.gutenberg.org/ebooks/13694</a> |
| 942 ## - ADDED ENTRY ELEMENTS (KOHA) | |
| Koha item type | eBooks |
| Withdrawn status | Lost status | Damaged status | Home library | Current library | Date acquired | Total Checkouts | Date last seen | Price effective from | Koha item type |
|---|---|---|---|---|---|---|---|---|---|
| Project Gutenberg | Project Gutenberg | 08/28/2014 | 08/28/2014 | 08/28/2014 | eBooks |